00430nam a2200157Ia 4500001000500000005001700005008004100022041000800063082001600071100002500087245010700112260000900219300002800228650000800256654000800264478020260306145820.0260306t2013||||xx |||||||||||||| ||spa|| aESP a330.09bB45 aBértola, LuiseAUT 0aEl desarrollo económico de América Latina desde la independencia:bpremio Jaume Vincens Vives 2012 c2013 a370 páginas :c23 cm. aGEN aCAN